MARC details
| 000 -CABECERA |
| campo de control de longitud fija |
02138aaa a2200349 a 4500 |
| 003 - IDENTIFICADOR DEL NÚMERO DE CONTROL |
| campo de control |
OSt |
| 005 - FECHA Y HORA DE LA ÚLTIMA TRANSACCIÓN |
| campo de control |
20230614113947.0 |
| 008 - DATOS DE LONGITUD FIJA--INFORMACIÓN GENERAL |
| campo de control de longitud fija |
230303s2015 sp a||||r|||| 00| 0 spa d |
| 020 ## - NÚMERO INTERNACIONAL ESTÁNDAR DEL LIBRO |
| Número Internacional Estándar del Libro |
9788484767077 (volumen 1) |
| 020 ## - NÚMERO INTERNACIONAL ESTÁNDAR DEL LIBRO |
| Número Internacional Estándar del Libro |
9788484767091 (volumen 2) |
| 020 ## - NÚMERO INTERNACIONAL ESTÁNDAR DEL LIBRO |
| Número Internacional Estándar del Libro |
9788484786896 (volumen 4) |
| 020 ## - NÚMERO INTERNACIONAL ESTÁNDAR DEL LIBRO |
| Número Internacional Estándar del Libro |
9788484766933 (volumen 5) |
| 020 ## - NÚMERO INTERNACIONAL ESTÁNDAR DEL LIBRO |
| Número Internacional Estándar del Libro |
9788484766902 (volumen 6) |
| 020 ## - NÚMERO INTERNACIONAL ESTÁNDAR DEL LIBRO |
| Número Internacional Estándar del Libro |
9788484766919 (volumen 7) |
| 040 ## - FUENTE DE LA CATALOGACIÓN |
| Centro/agencia transcriptor |
CHAP |
| 082 00 - NÚMERO DE LA CLASIFICACIÓN DECIMAL DEWEY |
| Número de edición |
22 |
| Número de clasificación |
631.87 |
| Número de documento/Ítem |
D27 |
| 245 00 - MENCIÓN DE TÍTULO |
| Título |
De residuo a recurso. El camino hacia la sostenibilidad : |
| Resto del título |
lll. Recursos orgánicos : aspectos agronómicos y medioambientales / |
| Mención de responsabilidad, etc. |
coordinadora María José López López ...[y otros siete]. |
| 264 #1 - PRODUCCIÓN, PUBLICACIÓN, DISTRIBUCIÓN, FABRICACIÓN Y COPYRIGHT |
| Producción, publicación, distribución, fabricación y copyright |
Madrid : |
| Nombre del de productor, editor, distribuidor, fabricante |
Red Española de Compostaje ; |
| -- |
Mundi-Prensa, |
| Fecha de producción, publicación, distribución, fabricación o copyright |
2015. |
| 300 ## - DESCRIPCIÓN FÍSICA |
| Extensión |
Volúmenes : |
| Otras características físicas |
figuras, tablas. |
| 490 1# - MENCIÓN DE SERIE |
| Mención de serie |
De residuo a recurso. |
| 504 ## - NOTA DE BIBLIOGRAFÍA, ETC. |
| Nota de bibliografía, etc. |
Incluye bibliografía. |
| 505 ## - NOTA DE CONTENIDO CON FORMATO |
| Nota de contenido con formato |
La biblioteca tiene: v.1. Residuos orgánicos y agricultura intensiva / coordinador María José López López. -- v.2. Uso del compost como componentes de sustratos para el cultivo en contenedor / coordinador Alberto Masaguer Rodríguez. -- v.4. Residuos orgánicos en la restauración/rehabilitación de suelos degradados y contaminados / coordinador Francisco de Paula Cabrera Capitán. -- v.5. Vermicompostaje : procesos, productos y aplicaciones / coordinador Rogelio Nogales Vargas -Machuca. -- v.6. Compost y control biológico de las enfermedades de las plantas / coordinador Ma. Isabel Trillas-Gay. -- v.7. Uso agrícola de materiales digeridos: situación actual y perspectivas de futuro. |
| 650 #4 - PUNTO DE ACCESO ADICIONAL DE MATERIA--TÉRMINO DE MATERIA |
| 9 (RLIN) |
136060 |
| Término de materia o nombre geográfico como elemento de entrada |
Residuos orgánicos |
| Subdivisión general |
Aprovechamiento |
| 650 #4 - PUNTO DE ACCESO ADICIONAL DE MATERIA--TÉRMINO DE MATERIA |
| 9 (RLIN) |
152200 |
| Término de materia o nombre geográfico como elemento de entrada |
Compost |
| Subdivisión general |
Elaboración |
| 650 #4 - PUNTO DE ACCESO ADICIONAL DE MATERIA--TÉRMINO DE MATERIA |
| 9 (RLIN) |
110336 |
| Término de materia o nombre geográfico como elemento de entrada |
Suelos |
| Subdivisión general |
Degradación |
| 650 #4 - PUNTO DE ACCESO ADICIONAL DE MATERIA--TÉRMINO DE MATERIA |
| 9 (RLIN) |
134024 |
| Término de materia o nombre geográfico como elemento de entrada |
Vermicompost |
| Subdivisión general |
Aplicación |
| 650 #4 - PUNTO DE ACCESO ADICIONAL DE MATERIA--TÉRMINO DE MATERIA |
| 9 (RLIN) |
27579 |
| Término de materia o nombre geográfico como elemento de entrada |
Control biológico de enfermedades |
| 650 #4 - PUNTO DE ACCESO ADICIONAL DE MATERIA--TÉRMINO DE MATERIA |
| 9 (RLIN) |
134402 |
| Término de materia o nombre geográfico como elemento de entrada |
Digestión anaeróbica |
| 700 1# - PUNTO DE ACCESO ADICIONAL--NOMBRE DE PERSONA |
| 9 (RLIN) |
187406 |
| Nombre de persona |
López López, María José |
| Término indicativo de función/relación |
coordinadora. |
| 830 #0 - PUNTO DE ACCESO ADICIONAL DE SERIE-TÍTULO UNIFORME |
| 9 (RLIN) |
186953 |
| Título uniforme |
De residuo a recurso. |
| Nombre de parte o sección de la obra |
El camino hacia la sostenibilidad. |
| Designación de volumen o secuencia |
III. Recursos orgánicos : Aspectos agronómicos y medioambientales. |
| 942 ## - ELEMENTOS DE PUNTO DE ACCESO ADICIONAL (KOHA) |
| Tipo de ítem Koha |
|
| Fuente del sistema de clasificación o colocación |
Dewey Decimal Classification |